| 000 | 01599nam a22002777c 4500 | ||
|---|---|---|---|
| 999 |
_c459259 _d459259 |
||
| 001 | 216217987 | ||
| 003 | UA-OsUOA | ||
| 005 | 20200515155904.0 | ||
| 007 | ca aa aacaa | ||
| 008 | 200515b un ||||| |||| 00| 0 ukr d | ||
| 040 |
_aUA-OsUOA _bukr _cUA-OsUOA _dUA-OsUOA |
||
| 041 | _aukr | ||
| 080 | _a159.922 | ||
| 090 | _a159.922 | ||
| 100 | _aМельничук І. Я. | ||
| 110 | _aКіровоградський державний педагогічний університет імені Володимира Винниченка | ||
| 245 |
_aПсихокорекція _bнавчально-методичний посібник _cІ. Я. Мельничук, О.М. Близнюкова |
||
| 260 |
_aКіровоград _c2018 |
||
| 300 | _a140 с. | ||
| 520 | _aМатеріали навчально-методичного посібника розроблені та упорядковані відповідно до навчального плану дисципліни «Основи психокорекції». Вони допоможуть студентам-майбутнім психологам ґрунтовніше підготовитися до практичних занять, засвоїти методи та техніки психокорекційного впливу, що сприятиме їх професійному зростанню. | ||
| 650 | _2UDC | ||
| 700 | 1 | _aБлизнюкова О. М. | |
| 856 | 4 | 0 |
_qpdf _uhttps://drive.google.com/file/d/1YvtYxHpsJEf6dElzDx8pdJLDjMa4cDLa/view?usp=sharing |
| 942 |
_2udc _cEB |
||
| 955 | _a2 | ||